000
00239nam a22001217a 4500
003
SGT
082
_a
616.024
_b
W15W
100
_a
WHO
245
_a
WHO TECHNICAL REPORT SERIES 994
260
_b
WHO
_c
2015
300
_a
546
942
_2
ddc
_c
BK
999
_c
14132
_d
14132